000 01066nam0a2200313 4500
001 RU\NLR\BIBL_A\022676559
005 20251215131942.0
010 _a978-5-298-04830-9
_91050
021 _aRU
_bКН-П-25-055685
_9КН-П-25-5377
035 _a(NLR Aleph) 022676559
090 _a13505196
_c13505196
100 _a20251202d2025 m y0rusy50 ca
101 0 _atat
102 _aRU
105 _ay z 000 y
181 0 _ai
_baxxe
182 0 _an
200 1 _aСиңа
_eшигырьләр
_fГөлүсә Шаһбан
203 _aТекст
_bвизуальный
_cнепосредственный
210 _aКазан
_cТатар. кит. нәшр.
_d2025
215 _a142,[1] б.
_d21
300 _aВ вып. дан. авт.: Шагбан Гелюса (Шагбанова Гелюса Гусмановна).
541 1 _6z01790
_aТебе
_e[стихи].
_zrus
686 1 _aШ6(2=Тат)7-5
700 1 _aШаһбан
_bГ.
_gГөлүсә
_4070
790 1 _6z01541
_aШагбан
_bГ.
_gГелюса
_4070
942 _cBOOK
980 _aNB